Literary Boys - Author/Title Match Quiz Stats

 Plays Quiz not verified by Sporcle

Challenge
Share
Tweet
Embed
Score 0/20 Timer 05:00
0 Plays Today
% Correct
Aesop
91.9%
Louisa May Alcott
81.8%
Nick Hornby
69.4%
C.S. Lewis
68.4%
Roald Dahl
50.2%
Richard Wright
44.5%
Neil Gaiman
43.1%
Vikram Seth
39.7%
Michael Chabon
37.3%
Ira Levin
33.5%
% Correct
Alan Bennett
33%
John Barth
31.1%
Tobias Wolff
29.2%
Brendan Behan
28.7%
D.H. Lawrence & Mollie Skinner
28.7%
William S. Burroughs
23.9%
John Boyne
23%
Patrick McCabe
17.7%
Jamie O'Neill
12.9%
Ferenc Molnár
11.5%

You're not logged in!

Compare scores with friends on all Sporcle quizzes.
Join for Free
OR
Log In

You Might Also Like...

Show Comments

Extras

Curator's Pick May 18, 2014ReportFavoriteNominate
Tags:Author Quiz, Book Quiz

Top Quizzes Today


Score Distribution

Your Account Isn't Verified!

In order to create a playlist on Sporcle, you need to verify the email address you used during registration. Go to your Sporcle Settings to finish the process.

Report this User

Report this user for behavior that violates our Community Guidelines.

Details: